000 00576nam a2200253 a 4500
001 nice12345678
003 IN_TiNIC
005 20260116012631.0
008 050524s1861 lona grp 000 0 urd
020 _a
_c100
082 0 0 _a297.4
_bALI2
100 _aAli, Ikram
245 _aIkhwan-Us-Safa
260 _aLondon
_bWm. H.. Allen and Co.
_c1861
300 _a176p
500 _aincludes index and biblioraphy
505 2 _aIndex
650 _aSufism
650 _aIkhwan-Us-Sufa
700 1 _aAli, Ikram
902 _bSRS
942 _cBK
999 _c7743
_d7743